| 000 | 00510nam a22001697a 4500 | ||
|---|---|---|---|
| 003 | NUST | ||
| 038 | _aMr. Zahoor | ||
| 082 | _a510 | ||
| 100 |
_aBabar, Gulmina Zaman _917160 |
||
| 245 |
_aDynamics of Particles Around Schwarzschild Black Hole and Naked Singularity _cGulmina Zaman Babar |
||
| 260 |
_aIslamabad : _bSNS - NUST, _c2015. |
||
| 300 |
_a67 p. : ill. ; _c30cm. |
||
| 500 | _aHardcover. | ||
| 650 |
_aMathematics - M.Phil Thesis _916594 |
||
| 700 |
_aDr. Mubasher Jamil _916806 |
||
| 942 |
_2ddc _cTHE |
||
| 999 |
_c526187 _d526187 |
||